Normal view MARC view
  • Abulhawa, Susan.

Entry Personal Name

Number of records used in: 3

001 - CONTROL NUMBER

  • control field: 11553

003 - CONTROL NUMBER IDENTIFIER

  • control field: NUST

005 - DATE AND TIME OF LATEST TRANSACTION

  • control field: 20180711043353.0

008 - FIXED-LENGTH DATA ELEMENTS

  • fixed length control field: 180711|| aca||aabn | a|a d

040 ## - CATALOGING SOURCE

  • Original cataloging agency: NUST
  • Transcribing agency: NUST

100 ## - HEADING--PERSONAL NAME

  • Personal name: Abulhawa, Susan.

670 ## - SOURCE DATA FOUND

  • Source citation: Work cat.: (NUST)60277: Abulhawa, Susan., Mornings in Jenin :, 2010.
© 2023 Central Library, National University of Sciences and Technology. All Rights Reserved.